[Event "Iona Tech Masters"]
[Site "Kilkenny"]
[Date "1998.11.29"]
[Round "6"]
[White "Cafolla, Peter"]
[Black "Jackson, Sheila"]
[Result "1/2-1/2"]
[WhiteElo "2110"]
[BlackElo "2165"]

1.d4 Nf6 2.c4 e6 3.Nc3 Bb4 4.f3 d5 5.a3 Bxc3+ 6.bxc3 O-O 7.e3 b6 8.cxd5 exd5
9.Bd3 Ba6 10.Bxa6 Nxa6 11.Qd3 Qc8 12.Ne2 Re8 13.Bd2 c5 14.O-O Nc7 15.Ng3 Qa6
16.Qxa6 Nxa6 17.Rfe1  1/2-1/2

[Event "BRA-ch"]
[Site "Itabirito"]
[Date "1998.12.13"]
[Round "3.1"]
[White "Matsuura, Everaldo"]
[Black "Leitao, Rafael"]
[Result "1/2-1/2"]
[WhiteElo "2400"]
[BlackElo "2550"]

1.d4 Nf6 2.c4 e6 3.Nc3 Bb4 4.f3 d5 5.a3 Bxc3+ 6.bxc3 c5 7.cxd5 Nxd5 8.Qd3 b6
9.e4 Ba6 10.Qc2 Bxf1 11.Kxf1 Ne7 12.Ne2 O-O 13.Kf2 cxd4 14.cxd4 Nbc6 15.Rd1 Rc8
16.Qa2 Qd7 17.Be3 Na5 18.Rac1 Rxc1 19.Rxc1 Rc8 20.Rxc8+ Qxc8 21.Qb1 Qc4 22.Qb4 Nc8
23.Nc3 h6 24.Qxc4 Nxc4 25.Bc1 Kf8 26.Ke2 Ke8 27.Kd3 N4d6 28.a4 Kd7 29.Ba3 a6
30.e5 Nf5 31.Ke4 Nfe7 32.d5 exd5+ 33.Nxd5 Nxd5 34.Kxd5 h5 35.f4 g6 36.g3 b5
37.axb5 axb5 38.Kc5 Ne7 39.Kxb5 Nf5 40.Bc5 Ke6 41.Kc4 f6 42.exf6 Kxf6 43.Kd5  1/2-1/2

[Event "Skopje op"]
[Site "Skopje"]
[Date "1998.12.18"]
[Round "7"]
[White "Jacimovic, Dragoljub"]
[Black "Stojcevski, Zoran"]
[Result "1-0"]
[WhiteElo "2490"]
[BlackElo "2305"]

1.d4 Nf6 2.c4 e6 3.Nc3 Bb4 4.f3 d5 5.a3 Bxc3+ 6.bxc3 O-O 7.cxd5 exd5 8.e3 b6
9.Bd3 Ba6 10.Bb1 Nh5 11.Qc2 g6 12.g4 Qh4+ 13.Qf2 Qxf2+ 14.Kxf2 Ng7 15.e4 Bc4
16.Ne2 Ne6 17.f4 c5 18.f5 Nc7 19.Nf4 cxd4 20.cxd4 Nc6 21.Bb2 g5 22.Nh5 f6
23.e5 fxe5 24.dxe5 d4 25.h4 Nxe5 26.hxg5 Rad8 27.Kg3 Ne8 28.Rd1 Nc6 29.Be4 Bd5
30.Bc2 Rf7 31.Ba4 Re7 32.Bxd4 Re4 33.Nf6+ Nxf6 34.Bxf6 Rde8 35.Rxd5 Rxa4
36.Rd6 Rc4 37.Kf3 Ree4 38.Rxc6 Rf4+ 39.Ke3  1-0

[Event "Bad Woerishofen op"]
[Site "Bad Woerishofen"]
[Date "1998.??.??"]
[Round "2"]
[White "Ballon, Guenther Jan"]
[Black "Bischoff, Klaus"]
[Result "0-1"]
[WhiteElo "2235"]
[BlackElo "2545"]

1.d4 Nf6 2.c4 e6 3.Nc3 Bb4 4.f3 d5 5.a3 Bxc3+ 6.bxc3 c6 7.e3 O-O 8.Bd3 b6
9.Ne2 Ba6 10.cxd5 Bxd3 11.Qxd3 cxd5 12.c4 Nbd7 13.Bd2 dxc4 14.Qxc4 e5 15.O-O Re8
16.e4 Rc8 17.Qa2 exd4 18.Nxd4 Ne5 19.Be3 Rc3 20.Bf2 Qd7 21.Rac1 Rxc1 22.Rxc1 Nd3
23.Rc3 Nxf2 24.Qxf2 g6 25.Nc6 Re6 26.Nb4 Qd1+  0-1

[Event "Regionalliga NO9899"]
[Site "Bayern"]
[Date "1998.??.??"]
[Round "?"]
[White "Kampmann, Lutz"]
[Black "Kustar, Sandor"]
[Result "0-1"]
[WhiteElo "2105"]
[BlackElo "2410"]

1.d4 Nf6 2.c4 e6 3.Nc3 Bb4 4.f3 c5 5.d5 b5 6.e4 bxc4 7.Bg5 exd5 8.exd5 Qe7+
9.Ne2 d6 10.Qd2 Nbd7 11.Kf2 h6 12.Bf4 g5 13.Bg3 Ne5 14.Bxe5 Qxe5 15.Ng3 Qd4+
16.Qxd4 cxd4 17.Nb5 Rb8 18.Bxc4 Bd7 19.Nxd4 Bc5 20.Rhe1+ Kd8 21.Ne2 Rxb2
22.Kf1 Kc7 23.Rab1 Rhb8 24.Nb3 Rxb1 25.Rxb1 Be3 26.Nc3 Rb4 27.Bd3 Bf4 28.g3 Be5
29.Rc1 Kd8 30.Ke2 a5 31.Nxa5 Rb2+  0-1

[Event "Regionalliga SW9798"]
[Site "Bayern"]
[Date "1998.??.??"]
[Round "?"]
[White "Seibold, Thomas"]
[Black "Lutz, Albert"]
[Result "0-1"]
[WhiteElo "2050"]
[BlackElo "2005"]

1.d4 Nf6 2.c4 e6 3.Nc3 Bb4 4.f3 c5 5.a3 Bxc3+ 6.bxc3 Nc6 7.e3 O-O 8.Bd3 d6
9.Ne2 e5 10.d5 Ne7 11.e4 Ng6 12.O-O Bd7 13.Kh1 Nh5 14.g3 Bh3 15.Rf2 Nf6 16.Qg1 Bd7
17.Bg5 h6 18.Bd2 Nh7 19.f4 Rb8 20.f5 Nh8 21.h4 f6 22.g4 Nf7 23.Qg3 b5 24.Ng1 bxc4
25.Bxc4 Qa5 26.Nf3 Qa4 27.Bd3 Bb5 28.Bxb5 Rxb5 29.Re1 Qxa3 30.g5 fxg5 31.hxg5 Nfxg5
32.Rg1 Rb7 33.Bxg5 Nxg5 34.Nxg5 hxg5 35.Rh2 Qa4 36.Re1 Rb1 37.Re2 Rxe1+ 38.Rxe1 Qc2
39.Qxg5 Qxc3 40.Rb1 Qf3+ 41.Kg1 Qf4 42.Qxf4 exf4 43.Kf2 Rc8 44.Kf3 c4 45.e5 dxe5
46.Ke4 c3 47.d6 c2 48.Rc1 Kf7 49.d7 Rd8 50.Kxe5 Rxd7 51.Rxc2 f3 52.Ke4 a5
53.Ra2 Ra7 54.Kxf3 a4 55.Ra3 Kf6 56.Kf4 Ra6 57.Rg3 Ra5 58.Rg6+ Kf7 59.Rc6 a3
60.Rc7+ Kf8 61.Rc8+ Ke7 62.Rc7+ Kd6 63.Rc1 a2 64.Ra1 Ke7 65.Kg5 Kf7 66.Kg4 Kf6
67.Kf4 Ra4+ 68.Kf3 Kxf5 69.Kg3 Ke5 70.Kf2 Kd4  0-1

[Event "Berliner Sommer 16th"]
[Site "Berlin"]
[Date "1998.??.??"]
[Round "8"]
[White "Naumann, Alexander"]
[Black "Sturua, Zurab"]
[Result "0-1"]
[WhiteElo "2465"]
[BlackElo "2600"]

1.d4 Nf6 2.c4 e6 3.Nc3 Bb4 4.f3 c5 5.d5 b5 6.e4 bxc4 7.Bxc4 Nxd5 8.Bxd5 exd5
9.Qxd5 Nc6 10.Ne2 Ba6 11.Be3 O-O 12.Rd1 Re8 13.Kf2 Ne5 14.a3 Bxc3 15.Nxc3 Rb8
16.Bc1 Qh4+ 17.Kg1 Nxf3+ 18.gxf3 Rb6 19.Qg5 Rg6 20.Qxg6 fxg6 21.Kg2 Rf8 22.Rd5 Qf6
23.f4 Bb7 24.Rxd7 Bxe4+ 25.Nxe4 Qe6 26.Rhd1 Qxe4+ 27.Kg1 Re8 28.Bd2 Re7 29.Rd8+ Kf7
30.Bc3 Qe3+ 31.Kg2 Qe2+ 32.Kg1 Qg4+ 33.Kh1 Re2 34.R8d7+ Ke8 35.Rd8+ Ke7  0-1

[Event "Biel"]
[Site "Biel"]
[Date "1998.??.??"]
[Round "3"]
[White "Bagirov, Rufat"]
[Black "Palac, Mladen"]
[Result "1/2-1/2"]
[WhiteElo "2325"]
[BlackElo "2545"]

1.d4 Nf6 2.c4 e6 3.Nc3 Bb4 4.f3 d5 5.a3 Bxc3+ 6.bxc3 c6 7.e3 O-O 8.Bd3 b6
9.Ne2 Ba6 10.cxd5 Bxd3 11.Qxd3 cxd5 12.O-O Qc8 13.e4 Qa6 14.Qe3 Nc6 15.e5 Nd7
16.Nf4 Rae8 17.a4 f6 18.exf6 Nxf6 19.Ba3 Rf7 20.Rfe1 e5  1/2-1/2

[Event "Biel"]
[Site "Biel"]
[Date "1998.??.??"]
[Round "10"]
[White "Bagirov, Rufat"]
[Black "Landenbergue, Claude"]
[Result "1/2-1/2"]
[WhiteElo "2325"]
[BlackElo "2420"]

1.d4 Nf6 2.c4 e6 3.Nc3 Bb4 4.f3 d5 5.a3 Bxc3+ 6.bxc3 c5 7.cxd5 Nxd5 8.dxc5 f5
9.c4 Qh4+ 10.g3 Qxc4 11.e4 Qc3+ 12.Bd2 Qe5 13.Bd3 fxe4 14.fxe4 O-O 15.Rc1 Qf6
16.Nh3 Qe7 17.Qe2 Nf6 18.e5 Nd5 19.Rc4 Nc6 20.Qh5 Rf5 21.Bxf5 exf5 22.O-O Nxe5
23.Rd4 Nf6 24.Qe2 Bd7 25.Rd6 Bc6 26.Qe3 Ne4 27.Qb3+ Kh8 28.Re6 Qf7 29.Be3 Rd8
30.Nf4 Ng5 31.Rd6 Ngf3+ 32.Kf2 Rxd6 33.Qxf7 Nxf7 34.cxd6 Nxd6 35.Bc5 Nf7
36.Bxa7 Nxh2 37.Rd1 Ng4+ 38.Ke2  1/2-1/2

[Event "Bucharest Fest IM (Women)"]
[Site "Bucharest"]
[Date "1998.??.??"]
[Round "?"]
[White "Ionescu Ilie, Viorica"]
[Black "Zatonskih, Anna"]
[Result "0-1"]
[WhiteElo "2170"]
[BlackElo "2320"]

1.d4 e6 2.c4 Nf6 3.Nc3 Bb4 4.f3 c5 5.a3 Bxc3+ 6.bxc3 d5 7.cxd5 Nxd5 8.dxc5 Qa5
9.e4 Ne7 10.Be3 O-O 11.Qb3 e5 12.Bc4 Na6 13.Ne2 Nc6 14.O-O Nxc5 15.Qb5 Qxb5
16.Bxb5 Ne6 17.Rad1 Na5 18.Ng3 b6 19.Nf5 Bb7 20.Nd6 Bc6 21.Bxc6 Nxc6 22.g3 Rfd8
23.Nxf7 Rxd1 24.Rxd1 Kf8 25.Rd7 Ke8 26.Rd5 Ke7 27.a4 g6 28.Bc1 Kf6 29.Ba3 Rc8
30.Rd7 Nb8 31.Rd3 Na6 32.Nd6 Rd8 33.Rd5 Nec7 34.Rd2 Ke6 35.Kf2 Ne8 36.Nc4 Rxd2+
37.Nxd2 Nd6 38.Ke3 Nb7 39.Kd3 Nbc5+ 40.Bxc5 Nxc5+ 41.Kc4 Nxa4 42.Nb3 Nb2+
43.Kb5 Nd3 44.Ka6 Ne1 45.Kxa7 Nxf3 46.Kxb6 Nxh2 47.c4 Ng4 48.c5 Nf6 49.c6 Ne8
50.Nc5+ Kd6 51.Nb7+ Ke7 52.c7 Kd7 53.Nc5+ Kc8 54.Kc6 Nxc7 55.Kd6 h5 56.Kxe5 Kd8
57.Kf6 Ke8 58.Nd3 Kf8 59.Nf4 Ne8+ 60.Kg5 Kg7 61.e5 Nc7 62.g4 hxg4 63.Kxg4 Kh6
64.Ng2 Nd5 65.Nh4 Nb4 66.Nf3 Nd3 67.Kh4 Nc5 68.Kg4 Ne6 69.Nd2 Kg7 70.Ne4 Kf8
71.Nf6 Ke7 72.Ng8+ Kd7 73.Nh6  0-1

[Event "Cappelle op"]
[Site "Cappelle la Grande"]
[Date "1998.??.??"]
[Round "2"]
[White "Naumann, Alexander"]
[Black "Cvitan, Ognjen"]
[Result "1/2-1/2"]
[WhiteElo "2375"]
[BlackElo "2560"]

1.d4 Nf6 2.c4 e6 3.Nc3 Bb4 4.f3 d5 5.a3 Bxc3+ 6.bxc3 c5 7.cxd5 Nxd5 8.dxc5 Qa5
9.e4 Ne7 10.Be3 O-O 11.Qb3 Nbc6 12.Nh3 e5 13.Nf2 Qc7 14.Bb5 Be6 15.Qc2 Na5
16.Rb1 f5 17.exf5 Nxf5 18.Qe2 Nxe3  1/2-1/2

[Event "Dresden zt"]
[Site "Dresden"]
[Date "1998.??.??"]
[Round "7"]
[White "Jacimovic, Dragoljub"]
[Black "Ekstroem, Roland"]
[Result "1/2-1/2"]
[WhiteElo "2480"]
[BlackElo "2490"]

1.d4 Nf6 2.c4 e6 3.Nc3 Bb4 4.f3 d5 5.a3 Bxc3+ 6.bxc3 c5 7.cxd5 Nxd5 8.dxc5 Qa5
9.e4 Nc7 10.Be3 e5 11.Qb3 Be6 12.Qb2 O-O 13.Ne2 Nc6 14.Nc1 Rfd8 15.a4 Rab8
16.Ra3 b6 17.cxb6 Nd4 18.Bd2 Nc6 19.Be3 Nd4 20.Bd2 Nc6  1/2-1/2

[Event "Arab-ch U14"]
[Site "Dubai"]
[Date "1998.??.??"]
[Round "2"]
[White "Araz, Basim"]
[Black "Hussan, Mohamed Saif"]
[Result "0-1"]
[WhiteElo "2080"]
[BlackElo "2130"]

1.d4 Nf6 2.c4 e6 3.Nc3 Bb4 4.f3 d5 5.a3 Bxc3+ 6.bxc3 c5 7.e3 Nc6 8.Bd3 e5
9.cxd5 Nxd5 10.c4 Nc3 11.Qc2 exd4 12.Bd2 Qh4+ 13.g3 Qf6 14.Rc1 Ne5 15.Kf2 Nxd3+
16.Qxd3 Bf5 17.Qf1 Ne4+ 18.Ke1 Nxd2 19.Kxd2 dxe3+ 20.Ke1 Qb2 21.Ne2 Qd2+  0-1

[Event "FRA-chJM2"]
[Site "FRA"]
[Date "1998.??.??"]
[Round "6"]
[White "Bazart, David"]
[Black "Figeas, Aurelien"]
[Result "1-0"]
[WhiteElo "2105"]
[BlackElo "2225"]

1.d4 e6 2.c4 Nf6 3.Nc3 Bb4 4.f3 c5 5.d5 b5 6.e4 bxc4 7.Bxc4 Nxd5 8.Bxd5 exd5
9.Qxd5 Nc6 10.Ne2 Ba6 11.Kf2 O-O 12.Be3 Qb6 13.Rab1 d6 14.Rhd1 Rad8 15.a3 Bxc3
16.bxc3 Qc7 17.Nf4 Ne5 18.Qa2 Kh8 19.Qc2 Qc6 20.a4 Bc8 21.Nd5 Rfe8 22.Bg5 Rd7
23.Rb8 f5 24.exf5 c4 25.Nb4 Qc5+ 26.Be3 Nd3+ 27.Rxd3 cxd3 28.Qxd3 Qc7 29.Ra8 a6
30.Nxa6 Qc6 31.Rb8 Rde7 32.Bb6 Bxf5 33.Rxe8+ Rxe8 34.Qb5 Qxb5 35.axb5 Bd3
36.Nc7 Re2+ 37.Kg3 Rb2 38.Bd4 Kg8 39.b6 Bc4 40.Ne8 Kf7  1-0

[Event "Oberliga Ost B9899"]
[Site "GER"]
[Date "1998.??.??"]
[Round "?"]
[White "Roeschlau, Bernd"]
[Black "Gnauk, Reinhard"]
[Result "1-0"]
[WhiteElo "2290"]
[BlackElo "2210"]

1.d4 Nf6 2.c4 e6 3.Nc3 Bb4 4.f3 c5 5.d5 Bxc3+ 6.bxc3 Qa5 7.Bd2 d6 8.e4 O-O
9.Ne2 Re8 10.Ng3 Nbd7 11.Be2 e5 12.Nf5 Qc7 13.Qc1 Nf8 14.Nxg7 Kxg7 15.Bh6+ Kh8
16.Qg5 Nh5 17.Qxh5 Ng6 18.Bg5 f6 19.Bxf6+ Kg8 20.g3 Rf8 21.Bg5 Bd7 22.Bh6 Rf7
23.f4 exf4 24.gxf4 Kh8 25.Rg1 Rg8 26.f5 Ne5 27.Rxg8+ Kxg8 28.Qg5+ Kh8 29.Kd2  1-0

[Event "Oberliga Nord O9798"]
[Site "Germany"]
[Date "1998.??.??"]
[Round "?"]
[White "Lorenz, Sascha"]
[Black "Seils, Joerg"]
[Result "1-0"]
[WhiteElo "2295"]
[BlackElo "2370"]

1.d4 Nf6 2.c4 e6 3.Nc3 Bb4 4.f3 c5 5.d5 d6 6.e4 O-O 7.Ne2 b5 8.Nf4 e5 9.Ne2 Nh5
10.g4 Qh4+ 11.Kd2 Qf2 12.gxh5 f5 13.Bh3 Na6 14.Qf1 Qh4 15.Qg2 fxe4 16.Bxc8 Raxc8
17.Qg4 Qf2 18.fxe4 bxc4 19.Kc2 Bxc3 20.bxc3 Nb4+ 21.cxb4 cxb4 22.Bd2 b3+
23.axb3 cxb3+ 24.Kd1 b2 25.Rb1 Qb6 26.Qg3 Qb5 27.Nc3 Qb3+ 28.Ke2 Qc4+ 29.Ke1 Rb8
30.h6 g6 31.Qe3 Rb3 32.Qxa7 Rf7 33.Qe3 Rf4 34.Qe2 Rxc3 35.Qxc4 Rxc4 36.Bxf4 Rxe4+
37.Kd2 Rxf4  1-0

[Event "Gyongyos Matra Kupa"]
[Site "Gyongyos"]
[Date "1998.??.??"]
[Round "6"]
[White "Horvath, Ivan"]
[Black "Horvath, Zoltan"]
[Result "0-1"]
[WhiteElo "2050"]
[BlackElo "2110"]

1.d4 Nf6 2.c4 e6 3.Nc3 Bb4 4.f3 d5 5.e3 O-O 6.Bd3 c5 7.a3 cxd4 8.axb4 dxc3
9.bxc3 dxc4 10.Bxc4 Qc7 11.Qb3 Bd7 12.Bd2 Nc6 13.Nh3 a5 14.O-O Ne5 15.Be2 a4
16.Qa2 Rac8 17.Rfc1 Nc4 18.Bxc4 Qxc4 19.Qxc4 Rxc4 20.e4 b5 21.Nf2 Rd8 22.Be1 Rdc8
23.Nd3 Be8 24.Nc5 Nd7 25.Bf2 f5 26.exf5 exf5 27.g3 g5 28.h3 Nxc5 29.Bxc5 Bc6
30.Kf2 Re8 31.Ra2 Kf7 32.Rd2 h5 33.Rd3 h4 34.Be3 hxg3+ 35.Kg1 f4 36.Bc5 Re2
37.Rcd1 a3 38.Rd6 Be8 39.Bd4 Rc6 40.Rd5 Rce6 41.Rf1 Kg6  0-1

[Event "Helsinki op1"]
[Site "Helsinki"]
[Date "1998.??.??"]
[Round "3"]
[White "Kekki, Petri"]
[Black "Haapasalo, Jukka Pekka"]
[Result "0-1"]
[WhiteElo "2280"]
[BlackElo "2185"]

1.d4 Nf6 2.c4 e6 3.Nc3 Bb4 4.f3 c5 5.a3 Bxc3+ 6.bxc3 d6 7.e4 e5 8.Be3 Qa5
9.Qd2 Bd7 10.Ne2 Nc6 11.Nc1 b6 12.Be2 Qa4 13.O-O O-O-O 14.Nd3 Na5 15.Nb2 Qc6
16.Qc2 h6 17.Bd3 g5 18.g3 Rdg8 19.Kh1 Kb8 20.Rae1 Rg7 21.f4 gxf4 22.gxf4 Bh3
23.Rg1 Rhg8 24.Rxg7 Rxg7 25.Rg1 Rxg1+ 26.Kxg1 Qc8 27.Qe2 Ng4 28.Bd2 exd4
29.cxd4 Nc6 30.Qf3 Nf6 31.d5 Nd4 32.Qg3 Nh5 33.Qf2 Qg8+ 34.Kh1 Nf6 35.Qg3 Bg4
36.Be3 Nh5  0-1

[Event "HUN-chT9899"]
[Site "HUN"]
[Date "1998.??.??"]
[Round "?"]
[White "Karolyi, Tibor Jr"]
[Black "Orso, Miklos"]
[Result "1/2-1/2"]
[WhiteElo "2425"]
[BlackElo "2360"]

1.d4 Nf6 2.c4 e6 3.Nc3 Bb4 4.f3 c5 5.d5 Bxc3+ 6.bxc3 Nh5 7.Nh3 Qh4+ 8.Nf2 Qxc4
9.e4 Qxc3+ 10.Bd2 Qd4 11.Qc1 exd5 12.Bc3 Qa4 13.Qg5 Qa3 14.Bxg7 Qb4+  1/2-1/2

[Event "HUN-chT 9798"]
[Site "Hungary"]
[Date "1998.??.??"]
[Round "?"]
[White "Vegh, Endre"]
[Black "Lengyel, Ferenc"]
[Result "1-0"]
[WhiteElo "2330"]
[BlackElo "2270"]

1.d4 Nf6 2.c4 e6 3.Nc3 Bb4 4.f3 c5 5.d5 b5 6.e4 bxc4 7.Bxc4 exd5 8.Bxd5 Nxd5
9.Qxd5 Nc6 10.Ne2 Ba6 11.Be3 Qa5 12.Kf2 O-O 13.a3 Bxc3 14.Nxc3 c4 15.Qxa5 Nxa5
16.Rhd1 Rab8 17.Rab1 Rb7 18.Na4 Rfb8 19.Rd6 Nc6 20.Rbd1 h6 21.f4 Rb3 22.Bc1 Rd3
23.Nc5 Rxd1 24.Rxd1 Bc8 25.Nxd7 Rb5 26.Rd6 Bb7 27.a4 Rh5 28.f5 Nb4 29.Nc5 Nd3+
30.Rxd3 cxd3 31.Nxb7 Rxh2 32.Nc5 Rh1 33.Nxd3 Rd1 34.Ke2 Rg1 35.Ne1  1-0

[Event "Moscow-ch op"]
[Site "Moscow"]
[Date "1998.??.??"]
[Round "7"]
[White "Melikhov, Evgeny V"]
[Black "Kremenietsky, Anatoly M"]
[Result "0-1"]
[WhiteElo "2330"]
[BlackElo "2410"]

1.d4 Nf6 2.c4 e6 3.Nc3 Bb4 4.f3 c5 5.d5 b5 6.e4 bxc4 7.dxe6 fxe6 8.Qd6 Qe7
9.Bf4 Nh5 10.Qxe7+ Kxe7 11.Bg5+ Kf7 12.O-O-O Bxc3 13.bxc3 Nf6 14.Ne2 Ba6
15.Ng3 h6 16.Be3 d5 17.Bxc5 Nbd7 18.Bd4 g6 19.Be2 Rhb8 20.Rd2 h5 21.h4 Rb7
22.Bd1 Rab8 23.Bc2 e5 24.Be3 d4 25.cxd4 Rb2 26.dxe5 c3 27.Bb3+ R2xb3 28.Rxd7+ Nxd7
29.axb3 Bd3 30.Rd1 Nxe5 31.Rxd3 Nxd3+ 32.Kc2 Ne1+ 33.Kxc3 a5 34.Nf1 Nxg2
35.Bf2 Ke6 36.Nd2  0-1

[Event "RUS-Cup02"]
[Site "Moscow"]
[Date "1998.??.??"]
[Round "7"]
[White "Volkov, Sergey"]
[Black "Obukhov, Alexander"]
[Result "1-0"]
[WhiteElo "2545"]
[BlackElo "2430"]

1.d4 Nf6 2.c4 e6 3.Nc3 Bb4 4.f3 d5 5.a3 Bxc3+ 6.bxc3 c5 7.cxd5 Nxd5 8.dxc5 Qa5
9.e4 Ne7 10.Be3 O-O 11.Qb3 Nec6 12.Bb5 Bd7 13.Ne2 Ne5 14.Nd4 Na6 15.Rd1 Nxc5
16.Qb4 Qc7 17.O-O a6 18.Be2 b6 19.f4 Nc6 20.Nxc6 Qxc6 21.e5 Qc7 22.Rd6 Rfb8
23.Rb1 Bc6  1-0

[Event "Paris op"]
[Site "Paris"]
[Date "1998.??.??"]
[Round "1"]
[White "Kirszenberg, Marc"]
[Black "Dazin, Claude"]
[Result "1-0"]
[WhiteElo "2195"]
[BlackElo "2055"]

1.d4 Nf6 2.c4 e6 3.Nc3 Bb4 4.f3 c5 5.d5 Bxc3+ 6.bxc3 exd5 7.cxd5 d6 8.e4 O-O
9.Bd3 a6 10.a4 Nbd7 11.Ne2 Ne5 12.O-O Nxd3 13.Qxd3 Nd7 14.c4 Ne5 15.Qc3 Re8
16.Ng3 Qe7 17.Bb2 f6 18.Rae1 Qf7 19.f4 Ng6 20.Qd3 Qe7 21.Qf3 Bd7 22.a5 Rab8
23.Bc3 b5 24.axb6 Rxb6 25.e5 fxe5 26.fxe5 Nxe5 27.Bxe5 dxe5 28.Rxe5 Qf8 29.Qe3 Rf6
30.Rxf6 gxf6 31.Rxe8 Qxe8 32.Qxe8+ Bxe8 33.Ne4 Kf7 34.Nxc5 a5 35.Kf2 a4 36.Ke3 a3
37.Nb3 a2 38.Kd4 Ba4 39.Na1 Ke7 40.c5 Bb5 41.g3 Kd7 42.Kc3 Be2 43.Kb4 Bf3
44.Kc4 Be2+ 45.Kc3 Bf3 46.Kd4 Be2 47.Ke3 Bc4 48.Ke4 Ke7 49.Kd4 Bb5 50.Kc3 Be2
51.Kb3 Kd7 52.Kxa2 Bc4+ 53.Ka3 Bxd5 54.Kb4 Be4 55.Nb3 Kc6 56.Nd2 Bd5 57.Nc4 h5
58.h4 Bf3 59.Ne3 Be4 60.Kc4 Bf3 61.Kd4 Bh1 62.Nf5 Bf3 63.Nd6 Kd7 64.Ne4 f5
65.Nd2 Bg4 66.Nc4 Bd1 67.Ne3 Bg4 68.Nxg4 fxg4 69.Kd5  1-0

[Event "Wch U14 Disney"]
[Site "Paris"]
[Date "1998.??.??"]
[Round "4"]
[White "Miton, Kamil"]
[Black "Vovsha, Eli"]
[Result "1-0"]
[WhiteElo "2375"]
[BlackElo "2235"]

1.d4 Nf6 2.c4 e6 3.Nc3 Bb4 4.f3 Bxc3+ 5.bxc3 d5 6.cxd5 exd5 7.e3 O-O 8.Bd3 c5
9.Ne2 Nc6 10.O-O Re8 11.Ng3 g6 12.Ne2 Qd6 13.Qe1 Bd7 14.Rb1 b6 15.Qh4 Re7
16.e4 cxd4 17.cxd4 dxe4 18.fxe4 Nh5 19.e5 Rxe5 20.dxe5 Qxd3 21.Rb2 Nxe5 22.Rd2 Qe3+
23.Kh1 Qc5 24.Bb2 Be6 25.Rd8+ Rxd8 26.Qxd8+ Kg7 27.Nd4  1-0

[Event "Vienna op 13th"]
[Site "Vienna"]
[Date "1998.??.??"]
[Round "?"]
[White "Ballon, Guenther Jan"]
[Black "Polak, Tomas"]
[Result "0-1"]
[WhiteElo "2235"]
[BlackElo "2500"]

1.d4 Nf6 2.c4 e6 3.Nc3 Bb4 4.f3 d5 5.a3 Bxc3+ 6.bxc3 c5 7.cxd5 Nxd5 8.Qd3 b6
9.e4 Ba6 10.Qc2 Bxf1 11.Kxf1 Ne7 12.Ne2 Qc8 13.Be3 Nd7 14.Qb3 O-O 15.Kf2 Qc6
16.Rhd1 c4 17.Qb4 Rae8 18.Nf4 a5 19.Qb2 f5 20.d5 exd5 21.exd5 Qd6 22.Qb5 Rf7
23.h4 Rc8 24.Rab1 Ng6 25.g3 Nxf4 26.Bxf4 Qxa3 27.Qb2 Qe7 28.Bg5 Qd6 29.Bf4 Qf6
30.Bg5 Qg6 31.Qb5 h6 32.Bf4 Qf6 33.Rd4 Rc5 34.Qa6 Kh7 35.Re1 Re7 36.Rxe7 Qxe7
37.Qb7 Qe8 38.d6 Rb5 39.Rd2 Qe6 40.Qc7 Qe8 41.Re2 Qf7 42.Kg2 Rc5 43.Qd8 Nf6
44.Qxb6 Rd5 45.Qc7 Qg6 46.Re6 a4 47.Qxc4 Qf7 48.Qe2 Nh5 49.Bc1 Qb7 50.c4 Rd4
51.Be3 Rg4 52.Kh2 Rxg3 53.Re5 Qb1  0-1

[Event "Ubeda op"]
[Site "Ubeda"]
[Date "1999.01.20"]
[Round "1"]
[White "Formanek, Edward W"]
[Black "Yegiazarian, Arsen"]
[Result "0-1"]
[WhiteElo "2295"]
[BlackElo "2500"]

1.d4 Nf6 2.c4 e6 3.Nc3 Bb4 4.f3 d5 5.a3 Be7 6.e4 dxe4 7.fxe4 e5 8.d5 Bc5
9.Nf3 Ng4 10.Bg5 f6 11.Bh4 a5 12.h3 Ne3 13.Qd2 Nxf1 14.Rxf1 Nd7 15.Na4 O-O
16.O-O-O Qe7 17.Bf2 b6 18.Kb1 Ba6 19.Rc1 Bd6 20.Qc2 Rab8 21.Ka2 b5 22.cxb5 Bxb5
23.Rfd1 Rb7 24.Nc5 Nxc5 25.Bxc5 Rfb8 26.Rd2 Bd7 27.Bxd6 cxd6 28.Qd3 f5 29.exf5 e4
30.Qe3 Rb3 31.Qe2 e3 32.Rdc2 Bxf5 33.Nd4 Bxc2 34.Rxc2 a4 35.Nc6 Qe4 36.Nxb8 Rxb8
37.Ka1 Re8 38.Rc3 h6 39.Rd3 Qxd3  0-1

[Event "Geneve op"]
[Site "Geneve"]
[Date "1999.01.29"]
[Round "7"]
[White "Liardet, Fabrice"]
[Black "Dizdar, Goran"]
[Result "0-1"]
[WhiteElo "2308"]
[BlackElo "2563"]

1.d4 e6 2.c4 Nf6 3.Nc3 Bb4 4.f3 d5 5.a3 Bxc3+ 6.bxc3 c5 7.cxd5 exd5 8.e3 Qc7
9.Ra2 cxd4 10.cxd4 Bf5 11.Ne2 Nbd7 12.g4 Bg6 13.Nf4 Rc8 14.Bd2 Bc2 15.Qc1 g5
16.Ne2 h5 17.gxh5 Rxh5 18.Ng3 Rh8 19.Bb4 g4 20.f4 Ne4 21.Nf5 Bd3 22.Qxc7 Rxc7
23.Kd1 Bxf1 24.Rxf1 Rc6 25.Rg1 Ndf6 26.Rgg2 Kd7 27.Rac2 Rxc2 28.Rxc2 Rh3
29.Ng7 Rh7 30.Nf5 Ke6 31.Ng3 Nxg3 32.hxg3 Kd7 33.Be1 Ne4 34.Rg2 Rh1 35.Ke2 b6
36.Bb4 a5 37.Bf8 Ke8 38.Bg7 f6 39.Kd3 Rh7 40.Bxf6 Nxf6 41.Rb2 Rb7  0-1

[Event "Gelsenkirchen op"]
[Site "Gelsenkirchen"]
[Date "1999.03.28"]
[Round "?"]
[White "Dydyshko, Viacheslav"]
[Black "Schuurman, Petra"]
[Result "1-0"]
[WhiteElo "2497"]
[BlackElo "2105"]

1.d4 Nf6 2.c4 e6 3.Nc3 Bb4 4.f3 d5 5.a3 Bxc3+ 6.bxc3 c5 7.cxd5 exd5 8.e3 O-O
9.Bd3 b6 10.Ne2 Ba6 11.O-O Bxd3 12.Qxd3 Re8 13.Ng3 Nc6 14.Bb2 Na5 15.e4 Rc8
16.e5 Nd7 17.f4 Qc7 18.Rf2 Nc4 19.Bc1 b5 20.f5 Qa5 21.Qf3 b4 22.Qg4 Ndxe5
23.dxe5 Nxe5 24.Qd1 bxc3 25.Bf4 d4 26.Bxe5 Rxe5 27.Qg4 f6 28.Nh5 Qc7 29.Raf1 Qe7
30.Nf4 Re8 31.Ne6 Rxe6 32.fxe6 Qxe6 33.Qg3 Qe5 34.Qd3 Qe3 35.Qc4+ Kh8 36.Qxc5 Qe5
37.Qc4 h6 38.Rd1 Rd8 39.Re2 Qh5 40.Qd3 Qc5 41.Rde1  1-0

[Event "Baden Casino op"]
[Site "Baden"]
[Date "1999.04.05"]
[Round "5"]
[White "Scavo, Fernando"]
[Black "Illi, Hans Joerg"]
[Result "0-1"]
[WhiteElo "2301"]
[BlackElo "2158"]

1.d4 Nf6 2.c4 e6 3.Nc3 Bb4 4.f3 c5 5.d5 Bxc3+ 6.bxc3 Qa5 7.e4 Qxc3+ 8.Bd2 Qe5
9.Rc1 d6 10.Bc3 Qg5 11.Ne2 e5 12.Bd2 Qh4+ 13.g3 Qh5 14.Nc3 O-O 15.h4 Qg6
16.Kf2 Ne8 17.h5 Qf6 18.Be3 Qe7 19.g4 f6 20.Ne2 a6 21.Ng3 b5 22.Qd2 b4 23.Bd3 Rf7
24.Bc2 Bd7 25.Nf5 Bxf5 26.gxf5 Nd7 27.Ba4 Nf8 28.Rcg1 Kh8 29.Rg3 Qd8 30.Rhg1 Qa5
31.Bc6 Rb8 32.Bh6 Nd7 33.Bxd7 Rxd7 34.f4 exf4 35.Bxf4 Rbb7 36.h6 Qd8 37.Qd1 Re7
38.Qf3 Qa5 39.Qe2 Qa4 40.Qb2 Rxe4 41.hxg7+ Kg8 42.Kf3 Rxc4 43.Qe2 Rc3+ 44.Kf2 Qc2
45.Bd2 Qxf5+ 46.Ke1 Qe5 47.Bxc3 bxc3 48.Qxe5 fxe5 49.Ke2 Nf6 50.Rf3 Rxg7
51.Rb1 Rg2+ 52.Ke3 c2 53.Rbf1 Nxd5+ 54.Ke4 Nf4 55.Kf5 Ne2  0-1

[Event "BCF-chT 98/99 (4NCL)"]
[Site "GBR"]
[Date "1999.05.25"]
[Round "11"]
[White "Lalic, Bogdan"]
[Black "Rogers, Ian"]
[Result "1-0"]
[WhiteElo "2549"]
[BlackElo "2618"]

1.d4 Nf6 2.c4 e6 3.Nc3 Bb4 4.f3 c5 5.d5 b5 6.e4 bxc4 7.Bxc4 O-O 8.Ne2 exd5
9.Bxd5 Nxd5 10.Qxd5 Nc6 11.O-O Ba6 12.Rd1 Qb6 13.Be3 Bxc3 14.Nxc3 Qxb2 15.Qxc5 Qb4
16.Rxd7 Qxc5 17.Bxc5 Rfc8 18.Nd5 Bc4 19.Be3 Bxd5 20.Rxd5 Nb4 21.Rc5 a5 22.a4 Rxc5
23.Bxc5 Nd3 24.Bd4 f6 25.Rd1 Nf4 26.g3 Ne6 27.Bf2 Rb8 28.Rd5 Ng5 29.Kg2 Rb3
30.Rxa5 Nxf3 31.Ra8+ Kf7 32.a5 Ne5 33.a6 Rb2 34.a7 Ng4 35.Rb8 Rxf2+ 36.Kg1 Ra2
37.a8=Q Rxa8 38.Rxa8 h5 39.Ra7+ Kg6 40.h3 Ne5 41.Kf2 Nf7 42.Re7 Ng5 43.h4 Nf7
44.Ke3 Nh6 45.Rd7 Ng4+ 46.Kf4 Ne5 47.Rd5 Ng4 48.Rd2 Kf7 49.Rd1 Kg6 50.Rd5 Kh6
51.Kf5 Ne3+ 52.Ke6 Kg6 53.Ke7 Ng4 54.Kf8 Kh6 55.Kg8 g5 56.Kf7 gxh4 57.gxh4 Nf2
58.Rd4 Ng4 59.Rd6  1-0

[Event "Pula op 13th"]
[Site "Pula"]
[Date "1999.06.03"]
[Round "5"]
[White "Plesnik, Hrvoje"]
[Black "Lantini, Marco"]
[Result "1/2-1/2"]
[WhiteElo "2070"]
[BlackElo "2158"]

1.d4 Nf6 2.c4 e6 3.Nc3 Bb4 4.f3 d5 5.e3 O-O 6.Bd3 dxc4 7.Bxc4 Nd5 8.Ne2 c5
9.O-O cxd4 10.exd4 Nc6 11.a3 Bd6 12.Bxd5 exd5 13.Bf4 Be6 14.Bxd6 Qxd6 15.Qb3 Qe7
16.Rad1 Na5 17.Qb5 Nc4 18.Rf2 a6 19.Qb3 Qd6 20.f4 Bg4 21.Re1 Rfe8 22.Qxb7 Rab8
23.Qxd5 Qxd5 24.Nxd5 Rxb2 25.Ndc3 Nxa3 26.h3 Bxe2 27.Rfxe2 Rbxe2 28.Rxe2 Rxe2
29.Nxe2 Kf8 30.Kf2 Nc2 31.g4 a5 32.Nc3 Nxd4 33.Ke3 Nc6 34.Ke4 Ke7 35.Kd5 Nb4+
36.Kc4 Ke6 37.Ne4 h6 38.Nc5+ Ke7 39.Nb7 Nc6 40.Kd5 Nb4+ 41.Kc4 Nc2 42.Nxa5 f5
43.Kd3 Nb4+ 44.Ke3  1/2-1/2

[Event "Swidnica op"]
[Site "Swidnica"]
[Date "1999.07.01"]
[Round "4"]
[White "Simantsev, Mikhail"]
[Black "Shishkin, Vadim"]
[Result "1-0"]
[WhiteElo "2409"]
[BlackElo "2478"]

1.d4 Nf6 2.c4 e6 3.Nc3 Bb4 4.f3 c5 5.d5 Nh5 6.Nh3 Qh4+ 7.Nf2 Qxc4 8.e4 Bxc3+
9.bxc3 Qxc3+ 10.Bd2 Qd4 11.Qc1 exd5 12.Bc3 Qa4 13.Qg5 O-O 14.Qxh5 d4 15.Bd2 d6
16.Be2 Be6 17.O-O Nc6 18.f4 f6 19.Rfb1 Rab8 20.Bb5 Qc2 21.Qe2 a6 22.Rc1 Qb2
23.Bc4 Bxc4 24.Qxc4+ Kh8 25.Be1 Qb6 26.Rab1 Qd8 27.a4 a5 28.Bd2 b6 29.f5 Nb4
30.Rb3 Qd7 31.Rh3 Qe7 32.Qe2 Qe8 33.Bxb4 axb4 34.Nd3 d5 35.Nf4 Qxe4 36.Qh5 h6
37.Ne6 Rfe8 38.Qf7 Rxe6 39.fxe6 d3 40.Rf1 d2 41.Rg3 Rg8 42.e7 f5 43.e8=Q Qxe8
44.Qxd5 Qd8 45.Rd3 Qxd5 46.Rxd5 b3 47.Rxd2 c4 48.Rd6 c3 49.Rc6 c2 50.Rc3  1-0